|
|
|
|
| LEADER |
01088cam a2200337 7i4500 |
| 001 |
0000036787 |
| 005 |
20220413090000.0 |
| 007 |
ta |
| 008 |
220303t2001 eng |
| 020 |
|
|
|a 9780156035880
|
| 040 |
|
|
|a MATR
|
| 090 |
0 |
0 |
|a FI 813.54
|b MAR
|
| 100 |
1 |
|
|a Martel, Yann
|e author
|
| 245 |
1 |
0 |
|a life of pi
|c Yann Martel.
|
| 264 |
|
0 |
|a New York:
|b Houghton Mifflin Harcourt Publishing,
|c 2001.
|
| 300 |
|
|
|a 401 pages;
|c cm.
|
| 336 |
|
|
|a text
|2 rdacontent
|
| 337 |
|
|
|a unmediated
|2 rdamedia
|
| 338 |
|
|
|a volume
|2 rdacarrier
|
| 500 |
|
|
|a Screen adaption
|
| 650 |
|
0 |
|a Survival after airplane accidents, shipwrecks, etc. --
|x Fiction
|
| 650 |
|
0 |
|a Human animal relationships --
|x Fiction
|
| 650 |
|
0 |
|a Pacific Ocean --
|x Fiction
|
| 650 |
|
0 |
|a Storytelling --
|x Fiction
|
| 650 |
|
0 |
|a Teenage boys --
|x Fiction
|
| 650 |
|
0 |
|a Ocean travel --
|x Fiction
|
| 650 |
|
0 |
|a Zoo animals --
|x Fiction
|
| 650 |
|
0 |
|a Orphans --
|x Fiction
|
| 650 |
|
0 |
|a Tigers --
|x Fiction
|
| 650 |
|
0 |
|a English fiction
|
| 999 |
|
|
|a B000041696
|b Book
|c Book
|e Business Information Centre
|